Alarga tu esperanza de vida (Registro nro. 320801)
[ vista simple ]
| 000 -ENCABEZADO | |
|---|---|
| Número de control [NR] | 01088nam a22002657a 4500 |
| 005 - FECHA Y HORA DE LA ÚLTIMA TRANSACCIÓN | |
| control field | 20220314102556.0 |
| 008 - DE LONGITUD FIJA DE DATOS DE ELEMENTOS - INFORMACIÓN GENERAL | |
| Elementos de longitud fija [NR] | 220314s2021 ck |||gr|||| 00| 0 spa d |
| 020 ## - NUMERO INTERNACIONAL NORMALIZADO PARA LIBROS [R] | |
| Número Internacional Normalizado del libro [NR] | 9789585127272 |
| 040 ## - FUENTE DE CATALOGACION [NR] | |
| Agencia de catalogación original [NR] | CO-BoUCM |
| Idioma de catalogación [NR] | spa |
| Quien Cataloga | Deissy Garcia |
| Quien Clasifica | Deissy Garcia |
| 041 1# - CODIGO DE IDIOMA [R] | |
| Código de idioma para texto/pista de sonido o título separado [R] | Español |
| -- | Inglés |
| 060 ## - SIGNATURA TOPOGRAFICA DE LA BIBLIOTECA NACIONAL DE MEDICINA (NLM) [R] | |
| Número clasificador [R] | WT 116 |
| 100 1# - ASIENTO PRINCIPAL--NOMBRE PERSONAL [NR] | |
| ID Autoridad | 173914 |
| Nombre personal [NR] | Sinclair, David A. |
| 245 10 - MENCION DE TITULO [NR] | |
| Título [NR] | Alarga tu esperanza de vida |
| Parte restante del título [NR] | cómo la ciencia nos ayuda a controlar, frenar y revertir el proceso de envejecimiento |
| Mención de responsabilidad, etc. [NR] | David A. Sinclair ; traducción Ana Isabel Domínguez Palomo, Ma. del Mar Rodríguez Barrena |
| 260 ## - PUBLICACION, DISTRIBUCION, ETC. (PIE DE IMPRENTA) [R] | |
| Lugar de publicación, distribución, etc. [R] | Bogotá |
| Nombre del editor, distribuidor, etc. [R] | Penguin Random House |
| -- | Grijalbo |
| Fecha de publicación, distribución, etc. [R] | 2021 |
| 300 ## - DESCRIPCION FISICA [R] | |
| Extensión [R] | 540 páginas |
| 504 ## - NOTA DE BIBLIOGRAFIA, ETC. [R] | |
| Nota de bibliografía, etc. [NR] | Incluye referencias bibliográficas |
| 650 #7 - ASIENTO SECUNDARIO DE MATERIA - TERMINO TEMATICO [R] | |
| Término temático o nombre geográfico como elemento de entrada [NR] | Duración de la vida (Biología) |
| 9 (RLIN) | 173915 |
| 650 #7 - ASIENTO SECUNDARIO DE MATERIA - TERMINO TEMATICO [R] | |
| Término temático o nombre geográfico como elemento de entrada [NR] | Longevidad |
| 9 (RLIN) | 18811 |
| 650 #7 - ASIENTO SECUNDARIO DE MATERIA - TERMINO TEMATICO [R] | |
| Término temático o nombre geográfico como elemento de entrada [NR] | Envejecimiento |
| 9 (RLIN) | 14646 |
| 650 #7 - ASIENTO SECUNDARIO DE MATERIA - TERMINO TEMATICO [R] | |
| Término temático o nombre geográfico como elemento de entrada [NR] | Nutrición |
| 9 (RLIN) | 20616 |
| 650 #7 - ASIENTO SECUNDARIO DE MATERIA - TERMINO TEMATICO [R] | |
| Término temático o nombre geográfico como elemento de entrada [NR] | Autocuidado en salud |
| 9 (RLIN) | 9771 |
| 700 1# - ASIENTO SECUNDARIO - NOMBRE PERSONAL [R] | |
| Nombre personal [NR] | Domínguez Palomo, Ana Isabel |
| Término de relación [R] | traductor |
| 9 (RLIN) | 173916 |
| 700 1# - ASIENTO SECUNDARIO - NOMBRE PERSONAL [R] | |
| Nombre personal [NR] | Rodríguez Barrena, Ma. del Mar |
| Término de relación [R] | traductor |
| 9 (RLIN) | 173917 |
| 942 ## - ELEMENTOS DE ENTRADA AGREGADOS (KOHA) | |
| Sistema de clasificación | NLM |
| Tema principal | Ciencias de la salud |
| Tipo de ítem principal el descrito en 300a | Libro |
| Edición | 1 |
| Clasificación | WT 116 |
| Parte restante de la signatura top. | S616a |
| Título oculto en OPAC | No |
| Total préstamos | Signatura topográfica | Código de barras | Última vez visto | Ejemplar | Costo de reposición | Price effective from | Tipo de ítem | Perdido | Sistema de clasificación | Dañado | No prestable | Tipo de ítem específico | Suprimido | Ubicación habitual | Ubicación actual | Localización | Fecha de creación | Forma de adquisición | Costo |
|---|---|---|---|---|---|---|---|---|---|---|---|---|---|---|---|---|---|---|---|
| WT 116 S616a | 100169659 | 12/12/2025 | Ej.1 | 26000.00 | 14/03/2022 | Libro | NLM | Libro | Quinta de Mutis | Quinta de Mutis | 2do piso | 14/03/2022 | Donación | 0.00 |